[Event "Olympiad Women-44"]
[Site "Chennai"]
[Date "2022.07.29"]
[Round "1.1"]
[White "Ordaz Valdes, Lisandra Teresa"]
[Black "Nakabo, Peninah"]
[Result "1-0"]
[WhiteElo "2367"]
[BlackElo "1747"]
[PlyCount "93"]
[EventDate "2022.07.29"]
[EventType "team-swiss"]
[EventRounds "11"]
[EventCountry "IND"]
[SourceTitle "CBM 210"]
[Source "ChessBase"]
[SourceDate "2022.10.31"]
[SourceVersion "1"]
[SourceVersionDate "2022.10.31"]
[SourceQuality "1"]
[WhiteTeam "Cuba (W)"]
[BlackTeam "Uganda (W)"]
[WhiteTeamCountry "CUB"]
[BlackTeamCountry "UGA"]

1. d4 e6 2. c4 d5 3. Nc3 Be7 4. Nf3 Nf6 5. Bg5 0-0 6. e3 Nbd7 7. Rc1 c6 8. Qc2 h6 9. Bh4 a6 10. a3 Ne8 11. Bg3 Nd6 12. cxd5 exd5 13. Bd3 Nb6 14. 0-0 Ndc4 15. a4 Bg4 16. b3 Bxf3 17. bxc4 Bg4 18. c5 Nd7 19. Rb1 Ra7 20. f4 Bh4 21. Bxh4 Qxh4 22. f5 f6 23. Rf4 Qg5 24. Qf2 h5 25. Qg3 Re8 26. h3 Bxf5 27. Qxg5 fxg5 28. Rxf5 Rxe3 29. Rf3 Rxf3 30. gxf3 Kf7 31. Bf5 Nf8 32. Bc8 Ne6 33. Bxe6+ Kxe6 34. Re1+ Kf6 35. Re8 Kf7 36. Rb8 Ke6 37. a5 Kf5 38. Kf2 g4 39. fxg4+ hxg4 40. h4 g6 41. Kg3 b5 42. cxb6 Re7 43. Rf8+ Ke6 44. Na4 Kd6 45. Rd8+ Ke6 46. Nc5+ Kf7 47. Rd7 1-0

[Event "Oviedo op 8th"]
[Site "Oviedo"]
[Date "2022.07.22"]
[Round "8"]
[White "Ordaz Valdes, Lisandra Teresa"]
[Black "Serra Olives, Tomas"]
[Result "1-0"]
[WhiteElo "2367"]
[BlackElo "2045"]
[PlyCount "59"]
[EventDate "2022.07.17"]
[EventType "swiss"]
[EventRounds "9"]
[EventCountry "ESP"]
[SourceTitle "CBM 209 Extra"]
[Source "ChessBase"]
[SourceDate "2022.09.30"]
[SourceVersion "1"]
[SourceVersionDate "2022.09.30"]
[SourceQuality "1"]

1. d4 Nf6 2. c4 e6 3. Nc3 Bb4 4. Qc2 0-0 5. e4 d6 6. e5 dxe5 7. dxe5 Nfd7 8. Nf3 Nc6 9. Bf4 f6 10. Bd3 g5 11. Bg3 f5 12. 0-0-0 Qe7 13. h3 Nc5 14. a3 Bxc3 15. Qxc3 Nxd3+ 16. Qxd3 b6 17. h4 g4 18. Nd2 f4 19. Qe4 Bb7 20. Bxf4 Nb4 21. Qxb7 Nd3+ 22. Kb1 Nxf4 23. Ne4 Rfd8 24. Nf6+ Kh8 25. Qe4 Ng6 26. h5 Nf8 27. Qxg4 Qg7 28. Qxg7+ Kxg7 29. Kc2 Kh6 30. f4 1-0